000 00704nam a2200229Ii 4500
003 JO-AjNU
008 230606s9999||||xx |||||||||||||| ||und||
020 _a81-7554-305-1 / 978-81-7554-305-8
040 _aJO-AjNU
_beng
_erda
_cJO-AjNU
041 _aeng
050 1 4 _aHG4026.C526 2006
100 3 _aCinnamon,Robert / Helweg-Larsen, Brian,
_eauthor
_91383
245 0 0 _aHow to Understand Business Finance
250 _a1 ed
264 3 1 _aDaryaganj: Kogan Page ,2006
300 _a142p
_bIncludes glossary (p119-142)
336 _atext
_btxt
_2rdacontent
337 _aunmediated
_bn
_2rdamedia
338 _avolume
_bnc
_2rdacarrier
490 0 _athe Sunday Times
650 4 _aBusiness Finance
_91384
999 _aE730
_c730
_d730